| 000 | 00932nas a2200289 4500 | ||
|---|---|---|---|
| 001 | BR0902479 | ||
| 003 | BR-BrBNA | ||
| 005 | 20231205113343.0 | ||
| 007 | ta | ||
| 008 | 230509b bl.|||p| |||| 00| 00por d | ||
| 040 |
_aBR-BrBNA _bpor _cBiblioteca Nacional de Agricultura |
||
| 041 | _a(Pt) | ||
| 072 | _aL74 | ||
| 100 | 1 | _aVilela, L.M. | |
| 100 | 1 | _aBaiotto, G.C. | |
| 100 | 1 | _aBarros, S.V. da S.G. de | |
| 100 | 1 | _aMachado, F.M. | |
| 100 | 1 | _aPatrocínio, M.S. | |
| 245 | 1 | _aHérnia diafragmática peritônio-pericárdica - relato de caso | |
| 650 | _aCÃO | ||
| 650 | _aHÉRNIA | ||
| 650 | _aDIAFRAGMA | ||
| 773 | 0 |
_tMEDVEP. Revista Científica de Medicina Veterinária. Pequenos Animais e Animais de Estimação (Brazil) _xISSN 1678-1430 _g(2008), v. 6(18) p. 114-120 _wBR0902479 |
|
| 856 | 4 | 0 | _uhttp://www.aprh.pt/rgci/pdf/rgci-155_Borges.pdf |
| 909 |
_a202311 _bLúcia _c55 _dLúcia Elande |
||
| 942 |
_2AGRIS _n0 _cANA |
||
| 999 |
_c203317 _d203317 |
||